[Event "Vancouver Open"]
[Site "Chess.com"]
[Date "2020.07.25"]
[Round "?"]
[White "Smith, Catherine"]
[Black "Tran, Nugen"]
[Result "1-0"]
[WhiteElo "1522"]
[BlackElo "1047"]
[PlyCount "63"]
[EventDate "2020.??.??"]

1. e4 e5 2. Nf3 Nc6 3. Bb5 a6 4. Bxc6 dxc6 5. d3 f6 6. Nc3 Bc5 7. Be3 Bxe3 8.
fxe3 Be6 9. O-O Qd7 10. Na4 Qd6 11. d4 O-O-O 12. c3 Ne7 13. Nc5 Ng6 14. b4 h5
15. a4 h4 16. b5 cxb5 17. axb5 Bc4 18. bxa6 Bxa6 19. Qb3 Qc6 20. Rfb1 Qb6 21.
Qf7 Qc6 22. Qxg6 Rdg8 23. Qf5+ Kd8 24. Qe6 Qxe6 25. Nxe6+ Kd7 26. Nc5+ Kd6 27.
Nxa6 bxa6 28. Rxa6+ Kd7 29. dxe5 h3 30. g3 fxe5 31. Nxe5+ Kc8 32. Ra8# 1-0

[Event "Vancouver Open"]
[Site "Chess.com"]
[Date "2020.07.25"]
[Round "?"]
[White "Tarjan, James"]
[Black "Vemparala, Nikash"]
[Result "1-0"]
[WhiteElo "2469"]
[BlackElo "1684"]
[PlyCount "79"]
[EventDate "2020.??.??"]

1. d4 d5 2. c4 c6 3. Nd2 Nf6 4. Ngf3 e6 5. g3 Bd6 6. Bg2 O-O 7. O-O Nbd7 8. Qc2
Re8 9. Rd1 Bc7 10. e4 dxe4 11. Nxe4 Qe7 12. b3 e5 13. Bb2 Nxe4 14. Qxe4 Nf6 15.
Qh4 exd4 16. Re1 Be6 17. Nxd4 Qd7 18. Nxe6 Rxe6 19. Rxe6 Qxe6 20. Bh3 Qe7 21.
Bc3 Re8 22. Re1 Qd8 23. Rxe8+ Nxe8 24. Qd4 Qxd4 25. Bxd4 a5 26. c5 Nf6 27. Bc8
Nd5 28. Bxb7 Nb4 29. a3 Nc2 30. Bb2 Ne1 31. Bxc6 Nd3 32. Bd4 Nc1 33. Be3 Nxb3
34. Ba4 Nxc5 35. Bxc5 g6 36. f4 Kg7 37. Kf2 Kf6 38. Ke3 Ke6 39. Bb3+ Kd7 40.
Bxf7 1-0

[Event "Vancouver Open"]
[Site "Chess.com"]
[Date "2020.07.26"]
[Round "?"]
[White "Tarjan, James"]
[Black "Shubin, Daniel"]
[Result "1-0"]
[WhiteElo "2469"]
[BlackElo "2161"]
[PlyCount "73"]
[EventDate "2020.??.??"]

1. c4 e6 2. g3 d5 3. Bg2 Nf6 4. Nf3 Be7 5. O-O O-O 6. b3 c6 7. d4 b6 8. Qc2
Nbd7 9. Rd1 Bb7 10. Nc3 Rc8 11. e4 Nxe4 12. Nxe4 dxe4 13. Qxe4 Nf6 14. Qc2 Qc7
15. Bf4 Bd6 16. Bxd6 Qxd6 17. c5 Qe7 18. Rac1 Nd5 19. Ne5 Rfd8 20. Qd2 Qf6 21.
Be4 h5 22. h4 Ne7 23. Qg5 Qxg5 24. hxg5 b5 25. g6 f6 26. Nf7 Rd7 27. Nd6 Rcd8
28. Re1 Rxd6 29. cxd6 Rxd6 30. d5 cxd5 31. Rc7 dxe4 32. Rxe7 Bc6 33. Rc1 Kf8
34. Rf7+ Kg8 35. Rc7 Be8 36. Rc8 Kf8 37. R1c7 1-0

[Event "Vancouver Open"]
[Site "Chess.com"]
[Date "2020.07.26"]
[Round "?"]
[White "Tien, Sophie"]
[Black "Lu, Yiding"]
[Result "1-0"]
[WhiteElo "1916"]
[BlackElo "1666"]
[PlyCount "73"]
[EventDate "2020.??.??"]

1. e4 c5 2. Nf3 d6 3. Bb5+ Bd7 4. Bxd7+ Qxd7 5. O-O Nc6 6. c3 Nf6 7. Re1 e6 8.
d4 cxd4 9. cxd4 d5 10. e5 Ne4 11. Nbd2 Nxd2 12. Bxd2 Be7 13. Rc1 O-O 14. Rc3
Rfc8 15. a3 b5 16. Rd3 a5 17. h4 a4 18. h5 Na5 19. Nh2 Nc4 20. Bc3 b4 21. axb4
a3 22. bxa3 Rxa3 23. Ng4 Qb5 24. Rg3 Nxe5 25. Qc1 Nc4 26. Qf4 Kf8 27. Rxe6 Qd7
28. Re2 Bd6 29. Ne5 Nxe5 30. dxe5 Rcxc3 31. Rxc3 Rxc3 32. exd6 Rc4 33. Qe5 Rc6
34. h6 f6 35. hxg7+ Kf7 36. Qh5+ Kg8 37. Re8+ 1-0

[Event "Vancouver Open"]
[Site "Chess.com"]
[Date "2020.07.25"]
[Round "?"]
[White "Tien, Sophie"]
[Black "Devaraju, Sonia"]
[Result "1-0"]
[WhiteElo "1916"]
[BlackElo "1543"]
[PlyCount "57"]
[EventDate "2020.??.??"]

1. e4 e5 2. Nf3 Nc6 3. Bc4 Be7 4. d4 exd4 5. Nxd4 d6 6. O-O Nf6 7. Nc3 O-O 8.
Re1 Re8 9. Bf4 Bd7 10. h3 a6 11. a4 Na5 12. Ba2 c5 13. Nf3 Bc6 14. e5 dxe5 15.
Nxe5 c4 16. Bxc4 Nxc4 17. Nxc4 Qc8 18. Nb6 Qf5 19. Nxa8 Qxf4 20. a5 Rd8 21. Qc1
Qb4 22. Nb6 Bc5 23. Rd1 Re8 24. Ncd5 Nxd5 25. Nxd5 Qe4 26. Qg5 Kh8 27. Nc3 Qxc2
28. Qxc5 Qxb2 29. Re1 1-0

[Event "Vancouver Open"]
[Site "Chess.com"]
[Date "2020.07.26"]
[Round "?"]
[White "Tran, Nugen"]
[Black "Ruff, Lois"]
[Result "1-0"]
[WhiteElo "1047"]
[BlackElo "1027"]
[PlyCount "107"]
[EventDate "2020.??.??"]

1. d4 Nf6 2. c4 e6 3. Nf3 Bb4+ 4. Nc3 O-O 5. Bg5 h6 6. Bh4 c6 7. e3 d5 8. Be2
Nbd7 9. O-O Bxc3 10. bxc3 Qa5 11. Qc2 Ne4 12. Rfc1 f5 13. cxd5 cxd5 14. Be7 Re8
15. Bb4 Qd8 16. Nd2 Ndf6 17. Bf3 b6 18. c4 a5 19. Ba3 Ba6 20. cxd5 exd5 21.
Nxe4 fxe4 22. Bd1 Bd3 23. Qb2 Kh8 24. Bc2 Bc4 25. h3 b5 26. Bc5 b4 27. Ba4 Rg8
28. Bb3 Bb5 29. a3 a4 30. Bd1 b3 31. Be2 Bxe2 32. Qxe2 Rc8 33. Rab1 Qa5 34. Bb4
Qa8 35. Qd2 Qb7 36. Rc5 Nd7 37. Rc3 Nb6 38. Rc5 Nc4 39. Qe2 Rxc5 40. Bxc5 b2
41. f3 Qb3 42. fxe4 dxe4 43. d5 Rd8 44. Bd4 Rxd5 45. Qg4 Qb7 46. Qe2 Nxa3 47.
Rxb2 Rb5 48. Rd2 Rb3 49. Qf2 Rb1+ 50. Kh2 Qc7+ 51. g3 Qc8 52. Qf4 Qe8 53. Qxh6+
Kg8 54. Qxg7# 1-0

[Event "Vancouver Open"]
[Site "Chess.com"]
[Date "2020.07.26"]
[Round "?"]
[White "Tran, Nugen"]
[Black "Fowler, James"]
[Result "1-0"]
[WhiteElo "1047"]
[BlackElo "1622"]
[PlyCount "125"]
[EventDate "2020.??.??"]

1. d4 e6 2. c4 b6 3. Nc3 Bb7 4. Nf3 Bb4 5. Bd2 f5 6. e3 Nf6 7. Bd3 O-O 8. a3
Be7 9. O-O d6 10. Re1 Nbd7 11. h3 Ne4 12. Rc1 Bh4 13. Bxe4 fxe4 14. Nxh4 Qxh4
15. Rf1 Nf6 16. Nb5 Rf7 17. b4 a6 18. Nc3 Raf8 19. Ne2 Nh5 20. Be1 Bc8 21. f4
Qf6 22. g4 Qg6 23. Kh2 Nf6 24. Ng3 e5 25. f5 Qg5 26. Bf2 h5 27. gxh5 Nxh5 28.
Nxh5 Rxf5 29. Qe2 Rf3 30. Bg3 Qxh5 31. h4 Qg4 32. Rxf3 Qh3+ 33. Kg1 Rxf3 34.
Bf2 Bg4 35. Qf1 Qxf1+ 36. Kxf1 Rh3 37. Kg2 Rf3 38. dxe5 Bh3+ 39. Kg1 dxe5 40.
Rd1 Rf7 41. Rd5 Re7 42. Bg3 Kf7 43. Rxe5 Rxe5 44. Bxe5 g6 45. Bxc7 b5 46. c5
Bd7 47. Kf2 Bc6 48. Kg3 Kf6 49. Kf4 Bb7 50. Be5+ Kf7 51. Kg5 Bc6 52. Kf4 Bb7
53. Bd4 Bc6 54. Ke5 Ke7 55. Bc3 Bb7 56. Be1 Bc6 57. Bg3 Bb7 58. Bf4 Bc6 59.
Bg5+ Kf7 60. Kd6 Bb7 61. c6 Bc8 62. Kc7 Bf5 63. Kb7 1-0

[Event "Vancouver Open"]
[Site "Chess.com"]
[Date "2020.07.25"]
[Round "?"]
[White "Vega, Isaac"]
[Black "Raptis, Nick"]
[Result "0-1"]
[WhiteElo "1972"]
[BlackElo "2393"]
[PlyCount "274"]
[EventDate "2020.??.??"]

1. e4 c6 2. d4 d5 3. e5 Bf5 4. Nf3 e6 5. Be2 Nd7 6. O-O Ne7 7. Nbd2 Ng6 8. Nb3
Be7 9. Ne1 h5 10. Bxh5 Bb4 11. g3 Bxe1 12. Rxe1 Bxc2 13. Qxc2 Rxh5 14. Nc5 Nxc5
15. Qxc5 Qb6 16. Qxb6 axb6 17. Be3 Kd7 18. f4 f5 19. a4 Nh8 20. h4 Nf7 21. Ra3
Rhh8 22. Rea1 Ra6 23. b4 Rha8 24. Bc1 Nd8 25. Kf2 b5 26. a5 Nf7 27. Ke2 Kc7 28.
Kd3 Nh6 29. R1a2 Ng4 30. Ke2 Kd7 31. Ra1 Ke7 32. R1a2 Kf7 33. Rc2 Kg6 34. Rac3
Kh5 35. Kf3 Nh6 36. Kg2 Kg4 37. Bd2 Nf7 38. Be1 Nd8 39. Rb3 b6 40. Ra3 bxa5 41.
Rxa5 Nb7 42. Rxa6 Rxa6 43. Bf2 Nd8 44. Be1 Ra4 45. Bd2 Ra1 46. Bc1 Rb1 47. Bd2
Rb3 48. Be1 Rb1 49. Bd2 Ra1 50. Bc1 g6 51. Be3 Kh5 52. Bc1 Kh6 53. Be3 Kg7 54.
Kf3 Kf7 55. Kg2 Ke7 56. Kf3 Ra3 57. Rb2 Nf7 58. Ke2 Nh6 59. Bf2 Ng4 60. Be1 Kd7
61. Rc2 Kc7 62. Bc3 Kb7 63. Kd3 Kb6 64. Ke2 Kc7 65. Kd3 Nh6 66. Ke2 Ng8 67. Kf2
Ne7 68. Kg2 Nc8 69. Kh3 Nb6 70. h5 gxh5 71. Kh4 Na4 72. Be1 Ra1 73. Re2 Rd1 74.
Bd2 Rh1+ 75. Kg5 Kd7 76. Kf6 h4 77. gxh4 Rxh4 78. Rg2 Rh6+ 79. Kg7 Rh4 80. Kf6
Rh7 81. Rg8 Nb6 82. Kg6 Re7 83. Be1 Nc8 84. Bh4 Re8 85. Rg7+ Ne7+ 86. Kf6 Rf8+
87. Kg5 Rg8 88. Rxg8 Nxg8 89. Kg6 Ne7+ 90. Kf7 Nc8 91. Be1 Nb6 92. Kf6 Nc4 93.
Bc3 Ne3 94. Bd2 Nf1 95. Bc1 Ng3 96. Bd2 Nf1 97. Bc1 Nh2 98. Bd2 Ng4+ 99. Kf7
Nf2 100. Be1 Nd1 101. Bd2 Nb2 102. Kf6 Nc4 103. Bc1 Nb6 104. Bd2 Nc8 105. Kf7
Ne7 106. Be1 c5 107. bxc5 Nc6 108. Bc3 b4 109. Bb2 b3 110. Bc3 Nb4 111. Ba1 Nd3
112. c6+ Kxc6 113. Kxe6 Nxf4+ 114. Kxf5 Nd3 115. Kf6 b2 116. Bxb2 Nxb2 117. e6
Nc4 118. e7 Nd6 119. Ke6 Ne8 120. Ke5 Nc7 121. Kf6 Kd7 122. Kf7 Ne8 123. Kf8
Nd6 124. e8=Q+ Nxe8 125. Kf7 Nc7 126. Kf6 Kd6 127. Kf5 Ne6 128. Kg4 Nxd4 129.
Kf4 Ne6+ 130. Ke3 Ke5 131. Kd3 d4 132. Kd2 Ke4 133. Ke2 d3+ 134. Kd2 Nd4 135.
Ke1 Ke3 136. Kd1 Ne2 137. Ke1 d2+ 0-1

[Event "Vancouver Open"]
[Site "Chess.com"]
[Date "2020.07.26"]
[Round "?"]
[White "Vega, Isaac"]
[Black "Devaraju, Sonia"]
[Result "1-0"]
[WhiteElo "1972"]
[BlackElo "1543"]
[PlyCount "69"]
[EventDate "2020.??.??"]

1. e4 e5 2. Nf3 Nc6 3. Bb5 a6 4. Ba4 b5 5. Bb3 Nf6 6. O-O d6 7. Re1 Be7 8. c3
O-O 9. h3 Re8 10. d4 exd4 11. cxd4 Na5 12. Bc2 c5 13. d5 Nd7 14. Nbd2 Nb6 15.
Nf1 Bd7 16. Ng3 Rc8 17. b3 Bf6 18. Rb1 b4 19. Nh5 Bc3 20. Bd2 Bf6 21. Nxf6+
Qxf6 22. Bg5 Qc3 23. Re3 Qxe3 24. Bxe3 Bb5 25. Bd3 Bxd3 26. Qxd3 c4 27. bxc4
Nbxc4 28. Bd4 Rb8 29. Nh4 Rec8 30. Nf5 Na3 31. Qg3 g6 32. Nh6+ Kf8 33. Qxd6+
Ke8 34. Ng8 Rb7 35. Nf6# 1-0

[Event "Vancouver Open"]
[Site "Chess.com"]
[Date "2020.07.25"]
[Round "?"]
[White "Vemparala, Nikash"]
[Black "Goktepe, Derin"]
[Result "0-1"]
[WhiteElo "1684"]
[BlackElo "1930"]
[PlyCount "50"]
[EventDate "2020.??.??"]

1. e4 e5 2. Nf3 Nc6 3. Bc4 Nf6 4. Ng5 d5 5. exd5 b5 6. Bxb5 Qxd5 7. Bxc6+ Qxc6
8. O-O Bb7 9. f3 Bc5+ 10. Kh1 h6 11. Nh3 g5 12. Qe2 O-O-O 13. Nc3 Rhg8 14. Nf2
Bxf2 15. Rxf2 g4 16. Ne4 gxf3 17. Rxf3 Nxe4 18. d3 Ng5 19. Bxg5 Rxg5 20. Rg3
Rdg8 21. Rxg5 Rxg5 22. Rg1 h5 23. h3 Rg8 24. Kh2 h4 25. Qf2 Qg6 0-1

[Event "Vancouver Open"]
[Site "Chess.com"]
[Date "2020.07.26"]
[Round "?"]
[White "Vemparala, Nikash"]
[Black "Yang, Jingran"]
[Result "1-0"]
[WhiteElo "1684"]
[BlackElo "1198"]
[PlyCount "95"]
[EventDate "2020.??.??"]

1. e4 e5 2. Nf3 Nc6 3. Bc4 Bc5 4. c3 Nf6 5. d3 h6 6. O-O O-O 7. Nbd2 d6 8. Re1
Na5 9. Bb5 a6 10. Ba4 b5 11. Bc2 Nh5 12. b4 Bb6 13. bxa5 Bxa5 14. Bb2 Nf4 15.
Nb3 Bb6 16. d4 Qf6 17. Bc1 Bg4 18. Bxf4 Qxf4 19. h3 Bh5 20. Qd2 Qf6 21. Nh2 a5
22. d5 a4 23. Nc1 c6 24. dxc6 Rac8 25. Bd3 Rxc6 26. Bxb5 Rxc3 27. Qxc3 Qxf2+
28. Kh1 Bd4 29. Nd3 Qh4 30. Qd2 Bxa1 31. Rxa1 Qxe4 32. Re1 Qd4 33. Qb4 Qxb4 34.
Nxb4 Rb8 35. Bxa4 Rxb4 36. Bb3 Kf8 37. Nf1 Ke7 38. Ne3 Rb5 39. Nf5+ Kf6 40.
Nxd6 Rb8 41. Nxf7 Rxb3 42. axb3 Bxf7 43. b4 Bc4 44. Rc1 Bd3 45. Kg1 Ke6 46. Kf2
Kd5 47. Ke3 e4 48. Rc7 1-0

[Event "Vancouver Open"]
[Site "Chess.com"]
[Date "2020.07.26"]
[Round "?"]
[White "Verma, Darsh"]
[Black "Ma, Lucas"]
[Result "1/2-1/2"]
[WhiteElo "840"]
[BlackElo "1089"]
[PlyCount "88"]
[EventDate "2020.??.??"]

1. d4 d5 2. c4 e6 3. Nc3 Be7 4. Nf3 Nf6 5. Bf4 c6 6. e3 Nbd7 7. Bd3 O-O 8. Qc2
h6 9. O-O Nb6 10. c5 Nbd7 11. b4 b6 12. Rfe1 Bb7 13. Ne5 Nxe5 14. Bxe5 Ng4 15.
Bg3 Bh4 16. Bxh4 Qxh4 17. h3 Nf6 18. Ne2 Nd7 19. Nf4 Qd8 20. Ne2 a5 21. a3 Qc7
22. f4 f5 23. Rf1 Ba6 24. Bxa6 Rxa6 25. Rac1 b5 26. Ra1 a4 27. Rf3 Nf6 28. Ng3
Ne4 29. Nxe4 dxe4 30. Rg3 Qd7 31. Qe2 Qf7 32. Rb1 Ra7 33. Kh2 Kh7 34. h4 g6 35.
Rh3 Rg8 36. Rg1 Qe8 37. g4 Rag7 38. g5 h5 39. Rd1 Qd7 40. Rg3 Qd5 41. Rb1 Rd8
42. Rgg1 Rgd7 43. Kg3 Kg7 44. Rgd1 Re7 1/2-1/2

[Event "Vancouver Open"]
[Site "Chess.com"]
[Date "2020.07.25"]
[Round "?"]
[White "Verma, Darsh"]
[Black "Hamlett, James"]
[Result "0-1"]
[WhiteElo "840"]
[BlackElo "1561"]
[PlyCount "122"]
[EventDate "2020.??.??"]

1. d4 d5 2. c4 Nf6 3. Nc3 e6 4. Bg5 Bb4 5. Qb3 Bxc3+ 6. Qxc3 c6 7. Nf3 h6 8.
Bf4 Nbd7 9. e3 a5 10. Be2 Ne4 11. Qd3 Qb6 12. Qb3 Qxb3 13. axb3 Ndf6 14. O-O g5
15. Be5 Rg8 16. Bc7 g4 17. Ne5 Nd2 18. Rfd1 Nxb3 19. Ra3 a4 20. Bd3 Nd7 21.
cxd5 Nxe5 22. dxe5 exd5 23. Bb6 Be6 24. Bc2 Ra6 25. Bxb3 Rxb6 26. Rxa4 Kd7 27.
Ra3 Rg5 28. Rd4 h5 29. g3 Rxe5 30. Rd2 Re4 31. Ra4 Reb4 32. Rxb4 Rxb4 33. Ba2
Kd6 34. Kf1 c5 35. b3 b5 36. Ke1 c4 37. bxc4 bxc4 38. Kd1 Kc5 39. Kc2 Ra4 40.
Bb1 Bf5+ 41. Kc1 Ra1 42. Rb2 Rxb1+ 43. Rxb1 Bxb1 44. Kxb1 Kb4 45. Kc2 c3 46.
Kc1 Kb3 47. Kb1 c2+ 48. Kc1 f5 49. Kd2 Kb2 50. Kd3 c1=Q 51. Kd4 Qd2+ 52. Ke5
Qxf2 53. Kxd5 Qxe3 54. Kc6 Qe5 55. Kb7 Qd6 56. Ka8 Kb3 57. Kb7 Kb4 58. Kc8 Kb5
59. Kb7 Qd7+ 60. Kb8 Kb6 61. Ka8 Qa7# 0-1

[Event "Vancouver Open"]
[Site "Chess.com"]
[Date "2020.07.25"]
[Round "?"]
[White "Vijayakumar, Advaith"]
[Black "Seshadri, Sridhar"]
[Result "1-0"]
[WhiteElo "2026"]
[BlackElo "1626"]
[PlyCount "59"]
[EventDate "2020.??.??"]

1. d4 b5 2. Nf3 Bb7 3. Bf4 Nf6 4. e3 a6 5. a4 c6 6. Nbd2 d5 7. Bd3 e6 8. O-O
Bd6 9. c3 h6 10. Qe2 Bxf4 11. exf4 Nbd7 12. f5 Nf8 13. Nb3 N6d7 14. Rfe1 Qc7
15. fxe6 Nxe6 16. Bf5 O-O 17. Bxe6 fxe6 18. Qxe6+ Kh8 19. Qe7 Rae8 20. Qxe8
Rxe8 21. Rxe8+ Kh7 22. axb5 cxb5 23. Re7 Qc8 24. Rae1 Nf6 25. Nc5 Bc6 26. R1e6
Ne4 27. Ne5 Qd8 28. Nxc6 Qf8 29. Nxe4 Qxf2+ 30. Nxf2 1-0

[Event "Vancouver Open"]
[Site "Chess.com"]
[Date "2020.07.25"]
[Round "?"]
[White "Vijayakumar, Advaith"]
[Black "Bernadskiy, Vitaliy"]
[Result "0-1"]
[WhiteElo "2026"]
[BlackElo "2702"]
[PlyCount "50"]
[EventDate "2020.??.??"]

1. d4 Nf6 2. c4 b6 3. Nf3 Bb7 4. g3 g6 5. Bg2 Bg7 6. O-O O-O 7. Nc3 Ne4 8. Nxe4
Bxe4 9. b3 d5 10. cxd5 Qxd5 11. Bb2 c5 12. Qd2 Rd8 13. Rfd1 Nc6 14. Qf4 cxd4
15. Ne1 Bxg2 16. Nxg2 e5 17. Qd2 Rac8 18. Rac1 Qa5 19. Qxa5 Nxa5 20. Rxc8 Rxc8
21. Rd2 Bf8 22. e3 Bb4 23. Rd1 Rc2 24. Ba1 Rxa2 25. exd4 Nxb3 0-1

[Event "Vancouver Open"]
[Site "Chess.com"]
[Date "2020.07.26"]
[Round "?"]
[White "Vijayakumar, Advaith"]
[Black "Goktepe, Derin"]
[Result "1/2-1/2"]
[WhiteElo "2026"]
[BlackElo "1930"]
[PlyCount "48"]
[EventDate "2020.??.??"]

1. d4 Nf6 2. c4 e6 3. Nf3 b6 4. g3 Bb7 5. Bg2 g6 6. O-O Bg7 7. Nc3 Ne4 8. Qc2
Nxc3 9. bxc3 O-O 10. e4 d6 11. a4 a5 12. e5 Nd7 13. Bg5 Qb8 14. exd6 cxd6 15.
Nd2 Bxg2 16. Kxg2 Qc7 17. Qe4 Rac8 18. Rab1 Rfe8 19. Rfe1 h6 20. Be3 f5 21. Qc2
Kh7 22. Qb3 Rb8 23. Qa3 e5 24. h4 Bf6 1/2-1/2

[Event "Vancouver Open"]
[Site "Chess.com"]
[Date "2020.07.25"]
[Round "?"]
[White "Wan, Bertrand"]
[Black "Vega, Isaac"]
[Result "1-0"]
[WhiteElo "1705"]
[BlackElo "1972"]
[PlyCount "43"]
[EventDate "2020.??.??"]

1. e4 c5 2. Nf3 e6 3. d4 cxd4 4. Nxd4 a6 5. c4 Nf6 6. Nc3 Qc7 7. Be3 Bb4 8. f3
Bxc3+ 9. bxc3 O-O 10. Bd3 d5 11. exd5 exd5 12. O-O dxc4 13. Bc2 Nd5 14. Bf2
Nxc3 15. Bxh7+ Kxh7 16. Qc2+ Kg8 17. Qxc3 Bd7 18. Rfe1 b5 19. Re7 Nc6 20. Nf5
f6 21. Rxg7+ Kh8 22. Qd2 1-0

[Event "Vancouver Open"]
[Site "Chess.com"]
[Date "2020.07.25"]
[Round "?"]
[White "Wan, Bertrand"]
[Black "Mundayat, Abinav"]
[Result "0-1"]
[WhiteElo "1705"]
[BlackElo "2091"]
[PlyCount "108"]
[EventDate "2020.??.??"]

1. e4 c5 2. Nf3 Nc6 3. d4 cxd4 4. Nxd4 e5 5. Nb5 d6 6. N1c3 a6 7. Na3 b5 8. Nd5
Nge7 9. Be2 Nd4 10. Bd3 Bb7 11. Nxe7 Bxe7 12. O-O O-O 13. c3 Ne6 14. Nc2 Nc5
15. Re1 Bg5 16. f3 Bxc1 17. Rxc1 Qb6 18. Kh1 Rad8 19. Ne3 Ne6 20. Bc2 Nf4 21.
Bb3 a5 22. a3 Bc8 23. g3 Ne6 24. Qe2 a4 25. Ba2 Nc5 26. Nd5 Qb7 27. f4 exf4 28.
gxf4 Rde8 29. Qg2 Kh8 30. f5 f6 31. Re3 Re5 32. Rce1 Rfe8 33. Bb1 Bd7 34. Ba2
Bc6 35. Kg1 Nb3 36. Qf2 Bxd5 37. exd5 Qxd5 38. Rxe5 Rxe5 39. Rxe5 dxe5 40. Qe2
Kg8 41. Qh5 Qd7 42. Qf3 Kf7 43. Qh5+ Kg8 44. Qf3 h6 45. Qg4 Qd3 46. Qg6 Qe3+
47. Kf1 Qc1+ 48. Kf2 Qxb2+ 49. Ke3 Kf8 50. Qh7 Qxc3+ 51. Kf2 Qd2+ 52. Kf1 Qxa2
53. Qh8+ Kf7 54. Qxg7+ Kxg7 0-1

[Event "Vancouver Open"]
[Site "Chess.com"]
[Date "2020.07.26"]
[Round "?"]
[White "Wan, Bertrand"]
[Black "Lu, Yiding"]
[Result "1-0"]
[WhiteElo "1705"]
[BlackElo "1666"]
[PlyCount "51"]
[EventDate "2020.??.??"]

1. e4 e6 2. d3 d5 3. Nd2 c5 4. g3 Nf6 5. Bg2 Nc6 6. Ngf3 Be7 7. O-O O-O 8. e5
Nd7 9. Re1 b5 10. Nf1 a5 11. h4 b4 12. Bf4 a4 13. a3 bxa3 14. bxa3 Ba6 15. N1h2
c4 16. d4 Qa5 17. Ng5 Qc3 18. Qh5 h6 19. Ng4 hxg5 20. hxg5 Qxc2 21. Be4 dxe4
22. Kg2 e3 23. Rh1 Qe4+ 24. f3 Qc2+ 25. Kg1 f6 26. g6 1-0

[Event "Vancouver Open"]
[Site "Chess.com"]
[Date "2020.07.26"]
[Round "?"]
[White "Wang, Felicity"]
[Black "Moore, Michael"]
[Result "0-1"]
[WhiteElo "1667"]
[BlackElo "1950"]
[PlyCount "120"]
[EventDate "2020.??.??"]

1. e4 c5 2. Nf3 d6 3. Bb5+ Nd7 4. c3 Ngf6 5. Qe2 a6 6. Ba4 b5 7. Bc2 Bb7 8. O-O
e6 9. d4 Qc7 10. Re1 Rc8 11. Bd3 Be7 12. Nbd2 O-O 13. Nf1 e5 14. d5 Rfe8 15.
Ng3 g6 16. Bg5 Bf8 17. Qd2 Bg7 18. Bh6 Bh8 19. Qg5 c4 20. Bc2 Nc5 21. h3 Bxd5
22. exd5 Nxd5 23. Qd2 Nf6 24. Bg5 Nfd7 25. Ne4 Nxe4 26. Bxe4 Nc5 27. Bh6 Nxe4
28. Rxe4 Qc6 29. Re2 Rcd8 30. Rae1 f6 31. h4 Bg7 32. Bxg7 Kxg7 33. h5 d5 34.
Nxe5 fxe5 35. h6+ Kf6 36. Qe3 d4 37. cxd4 Rxd4 38. Qg3 Rd3 39. Qh4+ g5 40. Qh2
e4 41. Re3 b4 42. Qh5 Re5 43. Qg4 Qe6 44. Qe2 Rd4 45. Qc2 Qd5 46. Qa4 Qb5 47.
Qc2 Qd5 48. Qa4 Qd6 49. Qc2 Qc6 50. f3 Qc5 51. fxe4 Rdxe4 52. Qf2+ Rf5 53. Rf3
Rxe1+ 54. Kh2 Qxf2 55. Rxf2 Rxf2 56. Kg3 Rxb2 57. Kf3 c3 58. g4 c2 59. a4 c1=Q
60. Kg3 Qe3# 0-1

[Event "Vancouver Open"]
[Site "Chess.com"]
[Date "2020.07.25"]
[Round "?"]
[White "Wang, Felicity"]
[Black "McConnell, Griffin"]
[Result "0-1"]
[WhiteElo "1667"]
[BlackElo "2051"]
[PlyCount "106"]
[EventDate "2020.??.??"]

1. e4 c6 2. d4 d5 3. exd5 cxd5 4. Bd3 Nc6 5. c3 Qc7 6. Nf3 Bg4 7. h3 Bh5 8. Be2
e6 9. Ne5 Bxe2 10. Kxe2 Nxe5 11. dxe5 Qxe5+ 12. Be3 Qc7 13. Nd2 Bd6 14. Re1 Ne7
15. Kf1 O-O 16. Nf3 Qc4+ 17. Kg1 Ng6 18. Nd4 Rae8 19. Qd2 f6 20. b3 Qa6 21. a4
Bb8 22. Nb5 b6 23. f4 Qb7 24. Rad1 a6 25. Na3 Rd8 26. Qf2 Rd6 27. a5 bxa5 28.
Bc5 Rc6 29. b4 Rd8 30. Kh1 Nxf4 31. bxa5 Nh5 32. Bb6 Rf8 33. Rd3 Qd7 34. Nc2
Qd6 35. g4 Nf4 36. Rf3 e5 37. Nb4 Rc4 38. Nxa6 Qa3 39. Bc5 Qxa5 40. Bxf8 Qxa6
41. Rb1 Ba7 42. Qd2 Kxf8 43. g5 Qc6 44. Kh2 d4 45. Rf2 Rxc3 46. Rxf4 Rc2 47.
Rf2 Rxd2 48. Rxd2 e4 49. Kg1 d3+ 50. Kf1 e3 51. Rh2 Qf3+ 52. Ke1 Qg3+ 53. Kd1
Qg1# 0-1

[Event "Vancouver Open"]
[Site "Chess.com"]
[Date "2020.07.26"]
[Round "?"]
[White "Wang, Ted"]
[Black "Ma, Lucas"]
[Result "1-0"]
[WhiteElo "779"]
[BlackElo "1089"]
[PlyCount "131"]
[EventDate "2020.??.??"]

1. e4 c5 2. Nf3 Nc6 3. d4 cxd4 4. Nxd4 g6 5. Nc3 Bg7 6. Nxc6 bxc6 7. Bd3 d6 8.
O-O Bd7 9. Be3 Nf6 10. h3 O-O 11. Qd2 a5 12. f4 d5 13. exd5 Nxd5 14. Nxd5 cxd5
15. c3 e6 16. Qf2 Rb8 17. Ba7 Ra8 18. Ba6 Bc8 19. Bb6 Qd7 20. Bxc8 Rfxc8 21.
Bd4 Bxd4 22. Qxd4 Rcb8 23. b3 Rc8 24. c4 Re8 25. Rfd1 Rad8 26. a3 Re7 27. Qf2
Qc6 28. Rac1 Qa8 29. cxd5 Rxd5 30. Rxd5 Qxd5 31. Qb2 Re8 32. b4 a4 33. b5 Rb8
34. Kh2 h5 35. g3 Kh7 36. b6 Qb7 37. Qf6 Rf8 38. Rc7 Qxb6 39. Rxf7+ Rxf7 40.
Qxf7+ Kh6 41. Qf8+ Kh7 42. Qe7+ Kh6 43. Qg5+ Kg7 44. Qe5+ Kh7 45. Qe2 Qc6 46.
g4 hxg4 47. Qxg4 Qc2+ 48. Kg3 Qd3+ 49. Kh4 Qe3 50. Qg3 Qxg3+ 51. Kxg3 Kg7 52.
Kf3 Kf6 53. Ke4 Ke7 54. Ke5 Kf7 55. h4 Ke7 56. Kd4 Kf6 57. Ke3 Kf5 58. Kf3 e5
59. fxe5 Kxe5 60. Kg4 Kd4 61. Kg5 Kc3 62. Kxg6 Kb3 63. h5 Kxa3 64. h6 Kb2 65.
h7 a3 66. h8=Q+ 1-0

[Event "Vancouver Open"]
[Site "Chess.com"]
[Date "2020.07.25"]
[Round "?"]
[White "Wang, Ted"]
[Black "Morris, Brian"]
[Result "1-0"]
[WhiteElo "779"]
[BlackElo "1382"]
[PlyCount "24"]
[EventDate "2020.??.??"]

1. e4 d6 2. d4 Nf6 3. Nc3 g5 4. Bxg5 h6 5. Bxf6 exf6 6. Nf3 f5 7. Bd3 fxe4 8.
Nxe4 Bg7 9. O-O b6 10. Re1 Kd7 11. d5 Na6 12. Bb5+ c6 1-0

[Event "Vancouver Open"]
[Site "Chess.com"]
[Date "2020.07.25"]
[Round "?"]
[White "Whale, Nicholas"]
[Black "Yang, Jingran"]
[Result "1-0"]
[WhiteElo "2065"]
[BlackElo "1198"]
[PlyCount "87"]
[EventDate "2020.??.??"]

1. e4 e5 2. Nf3 Nc6 3. Bb5 a6 4. Ba4 Nf6 5. O-O Bc5 6. d3 b5 7. Bb3 h6 8. c3
Bb6 9. Be3 O-O 10. Nbd2 d6 11. h3 Ne7 12. Bxb6 cxb6 13. Nh4 a5 14. a3 Be6 15.
Bxe6 fxe6 16. Qb3 Qd7 17. Nf5 Nxf5 18. exf5 Rae8 19. fxe6 Rxe6 20. f4 Kh8 21.
f5 Re7 22. Rae1 Nh5 23. g4 Nf4 24. Rf3 Ref7 25. d4 a4 26. Qc2 Qe7 27. Rxf4 Qh4
28. Rf2 Qg3+ 29. Kf1 Qxh3+ 30. Rg2 Qh1+ 31. Rg1 Qh3+ 32. Ke2 exd4 33. cxd4 Re7+
34. Kd1 Rxe1+ 35. Rxe1 Qxg4+ 36. Kc1 Qxd4 37. Kb1 b4 38. axb4 Qxb4 39. f6 gxf6
40. Re7 f5 41. Qc7 Qd4 42. Rh7+ Kg8 43. Rxh6 Qg7 44. Qxd6 1-0

[Event "Vancouver Open"]
[Site "Chess.com"]
[Date "2020.07.26"]
[Round "?"]
[White "Whale, Nicholas"]
[Black "Bernadskiy, Vitaliy"]
[Result "0-1"]
[WhiteElo "2065"]
[BlackElo "2702"]
[PlyCount "70"]
[EventDate "2020.??.??"]

1. e4 c5 2. Nf3 d6 3. Bb5+ Nd7 4. O-O Ngf6 5. Re1 a6 6. Bf1 b6 7. d4 cxd4 8.
Nxd4 Bb7 9. f3 e6 10. c4 Be7 11. Nc3 Rc8 12. Be3 Ne5 13. Qa4+ Nfd7 14. f4 Ng4
15. Bd2 O-O 16. Be2 Ngf6 17. Bf3 Qc7 18. e5 dxe5 19. fxe5 Bc5 20. Be3 Nxe5 21.
Bxb7 Qxb7 22. Nc2 Nxc4 23. Bxc5 Rxc5 24. Qb3 Rfc8 25. Na4 Rg5 26. Re2 b5 27.
Nc3 Qc7 28. Ne1 Re5 29. Rxe5 Qxe5 30. Nf3 Qe3+ 31. Kh1 Ng4 32. Nd1 Qe2 33. h3
Nd2 34. Qa3 Nxf3 35. Qxf3 Qe1+ 0-1

[Event "Vancouver Open"]
[Site "Chess.com"]
[Date "2020.07.25"]
[Round "?"]
[White "Whale, Nicholas"]
[Black "Yang, Maxwell"]
[Result "1/2-1/2"]
[WhiteElo "2065"]
[BlackElo "1682"]
[PlyCount "99"]
[EventDate "2020.??.??"]

1. Nf3 Nf6 2. c4 g6 3. Nc3 Bg7 4. g3 O-O 5. Bg2 d6 6. O-O Nbd7 7. d4 e5 8. d5
Qe7 9. e4 Nc5 10. Qc2 a5 11. Ne1 Nfd7 12. Be3 Kh8 13. Nd3 Nxd3 14. Qxd3 f5 15.
f3 f4 16. Bf2 h5 17. a3 g5 18. g4 hxg4 19. fxg4 Qf6 20. Bf3 Qh6 21. Kg2 Nf6 22.
h3 Kg8 23. Nb5 Rf7 24. b4 Bf8 25. c5 Rh7 26. Rh1 Qg6 27. Rac1 axb4 28. axb4 Qh6
29. Qb1 Bd7 30. Nxc7 Ra3 31. Ne6 Bxe6 32. dxe6 d5 33. exd5 e4 34. Bxe4 Nxe4 35.
Qxe4 Rxh3 36. Qxh7+ Qxh7 37. Rxh3 Qe4+ 38. Kg1 Qxd5 39. Re1 Be7 40. Ra3 Qc4 41.
Ra8+ Kg7 42. Re8 Kf6 43. Rd1 Qxb4 44. Rd7 Bxc5 45. Rf7+ Kg6 46. Rg8+ Kh6 47.
Rh8+ Kg6 48. Rg8+ Kh6 49. Rh8+ Kg6 50. Rg8+ 1/2-1/2